Category 5 Hurricanes in the N. Atlantic - Statistics

General Stats
  • This quiz has been taken 62 times
  • The average score is 14 of 27
Answer Stats
Hint Answer % Correct
2005 Katrina
92%
2019 Dorian
80%
2017 Irma
80%
2018 Michael
73%
1992 Andrew
71%
2017 Maria
71%
2016 Matthew
65%
2005 Wilma
65%
1969 Camille
61%
1989 Hugo
61%
2004 Ivan
59%
2005 Rita
59%
2007 Dean
57%
1998 Mitch
55%
2005 Emily
53%
2003 Isabel
53%
2007 Felix
51%
1988 Gilbert
49%
1979 David
41%
1980 Allen
39%
1953 Carol
33%
1961 Hattie
29%
1967 Beulah
27%
1955 Janet
27%
1977 Anita
24%
1961 Carla
24%
1971 Edith
14%
No matching quizzes found
Score Distribution
Percent of People with Each Score
Percentile by Number Answered
Your Score History
You have not taken this quiz